000 01063cam a22003257a 4500
003 CHAP
005 20220329141129.0
008 971010s1977 r 00010 d
010 _a63089
011 _a64061
035 _a69130
040 _cCHAP
082 _a664.15
_bG5
100 0 0 _aGianola, Carlos.
_947844
245 1 3 _aLa industria del chocolate, bombones, caramelos y confitería
260 _aMadrid :
_bParaninfo,
_c1977
300 _a278 p.
590 _aBATCH-UPD
_b10
_c20130110
_lUCH01
_h0245
590 _aBATCH-UPD
_b10
_c20130110
_lUCH01
_h2307
590 _aBATCH-UPD
_b10
_c20130409
_lUCH01
_h2314
590 _aBATCH-UPD
_b10
_c20130914
_lUCH01
_h0927
590 _aCONVERSION
_b10
_c20130109
_lUCH01
_h1334
650 1 4 _aChocolate.
_922816
650 1 4 _aConfitería.
_926640
901 _aBK
942 _cLIBRO
949 _a664.15 G5
_bBC
_cLIBRO
_d-44884
_eLIBRO
_h49996
_i69130
_si
_t390.00
949 _a664.15 G5
_bBC
_cLIBRO
_d33724000116133
_eLIBRO
_fc.2
_h49997
_i69130
_si
_t390.00
949 _a664.15 G5
_bIA
_cLIBRO
_d-1297
_eLIBRO
_h3228
_i69130
_si
999 _c63089
_d63089